000
00242 a2200109 4500
003
Nust
005
20170207154233.0
040
_c
Nust
082
_a
371.33
245
_a
Troubleshooting Pcs (VHS-580)
440
_a
Troubleshooting Pcs (VHS-580)
538
_a
Duration 77-Mins
999
_c
196003
_d
196003